| 000 | 00410nam a22001457a 4500 | ||
|---|---|---|---|
| 082 | 0 | 0 |
_a620.1 _bJEN _cL-5, P-4 |
| 100 | 1 |
_aJensen, Alfred. _940625 |
|
| 245 | 1 | 0 | _aApplied engineering mechanics / |
| 250 | _a1st ed. | ||
| 260 |
_aNew York : _bMcGraw-Hill, _c1947 |
||
| 300 |
_a316 p. : _bdiagrs. ; |
||
| 526 |
_a0 _b0 _c0 _d620_100000000000000_JEN |
||
| 526 |
_a0 _b0 _c0 _d620_100000000000000_JEN |
||
| 942 |
_2ddc _cBK |
||
| 999 |
_c544881 _d544881 |
||